The Paradox of Populism: (Record no. 183499)

MARC details
000 -LEADER
fixed length control field 00578 a2200181 4500
005 - DATE AND TIME OF LATEST TRANSACTION
control field 20211227125230.0
010 ## - LCCN (DPL NO)
LC control number ENG-130678
020 ## - INTERNATIONAL STANDARD BOOK NUMBER
International Standard Book Number 978-93-5290-942-1
Terms of availability 995.00
035 ## - SYSTEM CONTROL NUMBER
System control number EN-114210
037 ## - SOURCE OF ACQUISITION
Source of stock number/acquisition DBAD/PUB
082 ## - DEWEY DECIMAL CLASSIFICATION NUMBER
Classification number 954.051092
100 ## - MAIN ENTRY--PERSONAL NAME
Personal name Sen, Suhit K.
245 ## - TITLE STATEMENT
Title The Paradox of Populism:
Statement of responsibility, etc Suhit K. Sen
Remainder of title The Indira Gandhi Years, 1966-1977
260 ## - PUBLICATION, DISTRIBUTION, ETC. (IMPRINT)
Place of publication, distribution, etc Delhi
Name of publisher, distributor, etc Primus Books
Date of publication, distribution, etc 2020
270 ## - ADDRESS
Address Virat Bhawan, Mukherjee Nagar, Commercial Complex
City Delhi
Postal code 110009
300 ## - PHYSICAL DESCRIPTION
Extent 294p.
Dimensions 25cm (hbk)
942 ## - ADDED ENTRY ELEMENTS (KOHA)
Institution code [OBSOLETE] dpl
Item type English Books
Source of classification or shelving scheme Dewey Decimal Classification
Classification part 954.051092
Call number suffix SEN
Holdings
Withdrawn status Lost status Not for loan Collection code Home library Current library Date acquired Source of acquisition Cost, normal purchase price Full call number Barcode Copy number Cost, replacement price Koha item type
      Non-fiction Mobile Library Mobile Library 27/12/2021 DBAD/PUB 995.00 954.051092 SEN EN-114210 1 995.00 English Books

© Delhi Public Library
Hit Counter
free hit counter